000 00615nam a22001937a 4500
005 20251104100137.0
008 250225b ||||| |||| 00| 0 eng d
020 _a9780802845542
050 _aBJ47
_b.B97 1998
100 _aByrne, Peter,
245 _aThe moral interpretation of religion
260 _aGrand Rapids, Mich. :
_bW.B. Eerdmans,
_c1998.
300 _aix, 178 p. ;
_c24 cm.
440 _aReason and religion
500 _aIncludes bibliographical references (p. [171]-175) and index.
650 _aReligion and ethics.
650 _aReason & religion (Grand Rapids, Mich.)
942 _2lcc
_cBK
999 _c59655
_d59655